01019aam a2200325 450000500170000000800410001704100140005808200180007210000250009024500890011526000270020430000190023165000310025065000320028165000130031365000130032665000120033965000350035165000130038665000110039965000310041065000240044165000330046565000290049865000320052765000340055994200070059399900150060095200780061520241001152556.0150625b xxu||||| |||| 00| 0 spa d aEspañol a658.154 M966c aMuñiz, Luis926471 aControl de presupuesto: planificación, elaboración y seguimiento del presupuesto aEspañabPROFITc2009 a226 páginas  aPROCESO DE PLANIFICACIÓN aPLANIFICACIÓN ESTRATEGICA aMISIÓN aVISIÓN aVALORES aETAPAS DE LA PRESUPUESTACIÓN aINGRESOS aVENTAS aPRESUPUESTO DE INVERSIONES aCONTROL PRESUPUESTO aHERRAMIENTAS DEL PRESUPUESTO aPRESUPUESTO DE PROYECTOS aSEGUIMIEMTO DEL PRESUPUESTO aREALIZACIÓN DE PRESUPUESTOS cBK c3109d3109 102ddc4070aBACBbBACBo658.154 M966cp17993w2016-10-12xDAE x SEyBK